000 00463nam a2200157 i 4500
001 46382
003 ES-MaACL
005 20230906161354.0
007 t|
008 030328s1965 sp ||||1| spa d
100 1 _aConcellón Martínez, Antonio.
_940070
245 1 3 _aLa peste porcina africana y la clásica /
_cpor Antonio Concellón Martínez.
260 _aBarcelona :
_bAedos,
_c[1965]
300 _a108 p. ;
_c20 cm.
852 _aES-MaACL
_jC-27679
_bR.56726
999 _c46382
_d46382